00481nam a2200145Ia 4500008004100000082001500041082000800056245010400064245001800168260001800186300000900204942000800213999001900221952009500240231017s9999 xx 000 0 und d a388.409173 bSTA 0aImproving Rural Mobility: Option for Developing Motorized and Nonmotorized Transport in Rural Areas 0cPaul Strarkey bPaul Strarkey c30cm cREP c604206d604206 00104070aNITbNITd2023-10-17l0o388.409173 STApNIT-1278r2023-10-17w2023-10-17yREP